Представление документа в формате RUSMARC

ПолеНазваниеЗначение
  Тип записи a
  Библиографический уровень m
001 Контрольный номер 0ea6ee4ffced43069d261e38fabc78a2
005 Дата корректировки 20150324101426.0
010 Индекс ISBN __
a ISBN 978-5-394-01640-0
101 Язык документа 0_
a Язык текста rus
102 Страна публикации __
a Страна публикации RU
200 Заглавие и сведения об ответственности 1_
a Заглавие Бухгалтерский учет в торговле
e Сведения, относящиеся к заглавию практ. пособие
f Первые сведения об ответственности Е. В. Невешкина, О. И. Соснаускене, Е. Г. Шредер
210 Выходные данные 1_
c Издательство Дашков и К
a Место издания Москва
d Дата издания 2012
215 Физическое описание __
a Объем 408, [2] с.
610 Ключевые слова 0_
a Ключевые слова бухгалтерский учет в торговле
610 Ключевые слова 0_
a Ключевые слова документооборот
610 Ключевые слова 0_
a Ключевые слова торговая деятельность
610 Ключевые слова 0_
a Ключевые слова торговля
610 Ключевые слова 0_
a Ключевые слова торговые операции
610 Ключевые слова 0_
a Ключевые слова товар
610 Ключевые слова 0_
a Ключевые слова приемка товаров
610 Ключевые слова 0_
a Ключевые слова поступление товара
610 Ключевые слова 0_
a Ключевые слова хранение товара
610 Ключевые слова 0_
a Ключевые слова реализация товара
610 Ключевые слова 0_
a Ключевые слова цены
610 Ключевые слова 0_
a Ключевые слова возврат товара
610 Ключевые слова 0_
a Ключевые слова валовой доход
610 Ключевые слова 0_
a Ключевые слова прибыль
610 Ключевые слова 0_
a Ключевые слова инвентаризация товаров
610 Ключевые слова 0_
a Ключевые слова налогообложение
610 Ключевые слова 0_
a Ключевые слова акцизы
610 Ключевые слова 0_
a Ключевые слова учет основных средств
610 Ключевые слова 0_
a Ключевые слова учет нематериальных активов
610 Ключевые слова 0_
a Ключевые слова отчетность
610 Ключевые слова 0_
a Ключевые слова баланс
686 Индексы других классификаций __
a Классификационный индекс 65.052.9(2)242
2 Код системы rubbk
686 Индексы других классификаций __
a Классификационный индекс 65.052.9(2)261.413
2 Код системы rubbk
700 Автор _1
a Фамилия Невешкина
b Имя Е. В.
g Полное личное имя Елена Владимировна
701 Альтернативная интеллектуальная ответственность _1
a Фамилия Соснаускене
b Имя О. И.
701 Альтернативная интеллектуальная ответственность _1
a Фамилия Шредер
b Имя Е. Г.
801 Источник записи _0
a Страна RU
b Организация РУК
c Дата составления 20120820
g Правила каталогизации PSBO
801 Источник записи _1
a Страна RU
b Организация РУК
c Дата составления 20120820
g Правила каталогизации PSBO
852 Данные о местонахождении __
i Авторский знак Н 40
j Шифр хранения ББК 65.052
901 Тип документа __
t Тип документа m
938 Служебная информация __
a Название организации Головной вуз
b Имя БД BOOK
c Название АИБС АИБС ИРБИС
952 Тип литературы __
c Вид литературы практ. пособие